<?xml version="1.0" encoding="UTF-8"?>
<record
    xmlns:xsi="http://www.w3.org/2001/XMLSchema-instance"
    xsi:schemaLocation="http://www.loc.gov/MARC21/slim http://www.loc.gov/standards/marcxml/schema/MARC21slim.xsd"
    xmlns="http://www.loc.gov/MARC21/slim">

  <leader>01956nam a2200337   4500</leader>
  <controlfield tag="001">408</controlfield>
  <controlfield tag="003">OSt</controlfield>
  <controlfield tag="005">20250528074019.0</controlfield>
  <controlfield tag="008">250509b        |||||||j |||| 00| 1 eng d</controlfield>
  <datafield tag="020" ind1=" " ind2=" ">
    <subfield code="a">8539808684</subfield>
  </datafield>
  <datafield tag="040" ind1=" " ind2=" ">
    <subfield code="b">por</subfield>
  </datafield>
  <datafield tag="041" ind1=" " ind2=" ">
    <subfield code="h">eng</subfield>
    <subfield code="a">por</subfield>
  </datafield>
  <datafield tag="082" ind1=" " ind2=" ">
    <subfield code="a">823</subfield>
    <subfield code="b">J82e</subfield>
  </datafield>
  <datafield tag="100" ind1="1" ind2=" ">
    <subfield code="a">Jordan, Penny,</subfield>
    <subfield code="d">1946-2011</subfield>
    <subfield code="9">877</subfield>
  </datafield>
  <datafield tag="240" ind1=" " ind2=" ">
    <subfield code="a">Passion in the Desert Prince of the Desert &amp; Sovereign Seduction</subfield>
  </datafield>
  <datafield tag="245" ind1=" " ind2=" ">
    <subfield code="a">Paix&#xE3;o no Deserto</subfield>
    <subfield code="b">Pr&#xED;ncipe do Deserto &amp; Soberana Sedu&#xE7;&#xE3;o / </subfield>
    <subfield code="c">Jordan, Penny ; Tradu&#xE7;&#xE3;o de Marie Olivier e Carla Werneck</subfield>
  </datafield>
  <datafield tag="250" ind1=" " ind2=" ">
    <subfield code="a">2 ed.</subfield>
  </datafield>
  <datafield tag="260" ind1=" " ind2=" ">
    <subfield code="a">Rio de Janeiro</subfield>
    <subfield code="b">Harlequin Books</subfield>
    <subfield code="c">2013</subfield>
  </datafield>
  <datafield tag="300" ind1=" " ind2=" ">
    <subfield code="a">312 p.</subfield>
  </datafield>
  <datafield tag="520" ind1=" " ind2=" ">
    <subfield code="a">PR&#xCD;NCIPE DO DESERTO

A virgem do sheik...

Filha de um pai prom&#xED;scuo, Gwynneth jurou jamais ser escrava dos desejos! Mas uma experi&#xEA;ncia ardente no reino de Zuran a deixa delirante e insegura: teria mesmo vivido uma noite de paix&#xE3;o com um estranho no deserto? Gwynneth nem desconfia que quase dormiu com o sheik Tariq Bin Salud. E agora ele exigir&#xE1; sua virgindade!

SOBERANA SEDU&#xC7;&#xC3;O

Convocada para satisfazer os desejos do sheik.

Kadir &#xE9; governante de um reino do deserto quando descobre que tamb&#xE9;m &#xE9; o herdeiro do trono de Niroli. Mas ele precisa encontrar uma mulher que possa assumir ao seu lado a posi&#xE7;&#xE3;o de rainha! Natalia &#xE9; a escolhida. Ela ama seu pa&#xED;s e, mesmo considerando Kadir um b&#xE1;rbaro, aceita o casamento. Natalia est&#xE1; preparada para enfrentar muitos desafios como esposa e soberana, no entanto, descobre que a cama de um selvagem e um lugar mais excitante do que ela poderia imaginar...
</subfield>
  </datafield>
  <datafield tag="650" ind1=" " ind2="0">
    <subfield code="a">Literatura Inglesa</subfield>
    <subfield code="9">89</subfield>
  </datafield>
  <datafield tag="650" ind1=" " ind2="0">
    <subfield code="a">Desejo e Paix&#xE3;o</subfield>
    <subfield code="9">884</subfield>
  </datafield>
  <datafield tag="650" ind1=" " ind2="0">
    <subfield code="a">Casamento Arranjado:</subfield>
    <subfield code="9">885</subfield>
  </datafield>
  <datafield tag="650" ind1=" " ind2="0">
    <subfield code="a">Protagonista Feminina Forte</subfield>
    <subfield code="9">886</subfield>
  </datafield>
  <datafield tag="655" ind1=" " ind2="0">
    <subfield code="a">Romance</subfield>
    <subfield code="9">23</subfield>
  </datafield>
  <datafield tag="655" ind1=" " ind2="0">
    <subfield code="a">Fic&#xE7;&#xE3;o </subfield>
    <subfield code="9">22</subfield>
  </datafield>
  <datafield tag="700" ind1=" " ind2=" ">
    <subfield code="a">Marie Olivier</subfield>
    <subfield code="e">TRADUTOR</subfield>
    <subfield code="9">882</subfield>
  </datafield>
  <datafield tag="700" ind1=" " ind2=" ">
    <subfield code="a">Carla Werneck</subfield>
    <subfield code="e">TRADUTOR</subfield>
    <subfield code="9">883</subfield>
  </datafield>
  <datafield tag="830" ind1=" " ind2=" ">
    <subfield code="a">Cole&#xE7;&#xE3;o Penny Jordan</subfield>
    <subfield code="9">878</subfield>
  </datafield>
  <datafield tag="942" ind1=" " ind2=" ">
    <subfield code="2">ddc</subfield>
    <subfield code="n">0</subfield>
    <subfield code="c">BK</subfield>
  </datafield>
  <datafield tag="952" ind1=" " ind2=" ">
    <subfield code="0">0</subfield>
    <subfield code="1">0</subfield>
    <subfield code="2">ddc</subfield>
    <subfield code="4">0</subfield>
    <subfield code="7">0</subfield>
    <subfield code="8">FIC</subfield>
    <subfield code="a">BIBIB</subfield>
    <subfield code="b">BIBIB</subfield>
    <subfield code="c">LE</subfield>
    <subfield code="d">2025-05-09</subfield>
    <subfield code="e">doa&#xE7;&#xE3;o</subfield>
    <subfield code="l">0</subfield>
    <subfield code="o">823 / J82e</subfield>
    <subfield code="p">2025-17346</subfield>
    <subfield code="r">2025-05-09 13:36:36</subfield>
    <subfield code="w">2025-05-09</subfield>
    <subfield code="y">BK</subfield>
  </datafield>
  <datafield tag="999" ind1=" " ind2=" ">
    <subfield code="c">408</subfield>
    <subfield code="d">408</subfield>
  </datafield>
</record>
